• 首页
  • 本馆介绍
  • 公告通知
  • 最新文献
  • 馆藏检索
  • 电子资源
  • 读者荐购
  • 参考咨询
  • CALIS
  • 我的图书馆
  • 登录
  • 详细信息显示
  • 放入我的书架
  • 预约/预借图书
  • 作者相关作品
  • 分类相关作品
  • 丛书相关作品
  • 出版社相关作品

书目信息

  • 表格格式
  • 工作单格式
  • 卡片格式
题名:
中国文化要义
    
 
作者: 梁漱溟, 著
分册:  
出版信息: 上海   上海人民出版社  2005.10
页数: 278页
开本: 24cm
丛书名: 世纪人文系列丛书
单 册:
中图分类: K203
科图分类:
主题词: 文化史--wen hua shi--研究--中国
电子资源:
ISBN: 7-208-05507-6
 
 
 
 
 
000 00745nam 2200241 450
001 CAL 012005071505
005 20060529165021.10
010    @a7-208-05507-6@dCNY 25.00
099    @aCAL 012005071505
100    @a20031225d2005 em y0chiy0121 ea
101 0  @achi
102    @aCN@b310000
200 1  @a中国文化要义@Azhong guo wen hua yao yi@f梁漱溟著
210    @a上海@c上海人民出版社@d2005.10
215    @a278页@c摹真@d24cm
225 2  @a世纪人文系列丛书@AShi Ji Ren Wen Xi Lie Cong Shu@h一@i世纪文库
410  0 @12001 @a世纪人文系列丛书@h一
410  0 @12001 @a世纪文库
606 0  @a文化史@Awen hua shi@x研究@y中国
690    @aK203@v4
701  0 @a梁漱溟,@Aliang shu ming@f1893-1988@4著
801 0  @c20060529
905    @a10447@dK203@eL412
    
    中国文化要义/梁漱溟著.-上海:上海人民出版社,2005.10
    278页:摹真;24cm.-(世纪人文系列丛书.一.世纪文库)
    
    
    ISBN 7-208-05507-6:CNY 25.00
    
●
相关链接 在E读中查询图书 在当当中查询图书 在豆瓣中查询图书


正题名:中国文化要义     索取号:K203/L412         预约/预借

序号 登录号 条形码 馆藏地/架位号 状态 备注
1 603403   206034030   社科库309/309社科库 105排7列1层/ [索取号:K203/L412] 在馆    
2 603404   206034049   社科库309/309社科库 105排7列1层/ [索取号:K203/L412] 在馆    
3 603405   206034058   社科库309/309社科库 105排7列1层/ [索取号:K203/L412] 在馆    
河南城建学院图书馆 欢迎您!
大连网信软件有限公司© 版权所有